[Event "2024 National Elementary (K-6) Championship"]
[Site "Columbus, Ohio, United States"]
[Date "2024.04.27"]
[Round "3.17"]
[White "Chelladorai, Isabelle"]
[Black "Kakarla, Aadya"]
[Result "0-1"]
[TimeControl "G/90; d10"]
[WhiteElo "1077"]
[BlackElo "1175"]

1. e4 {[%clk 01:30:00]} {[%emt 00:00:09]} c6 {[%clk 01:05:44]} {[%emt
00:24:48]} 2. d4 {[%clk 01:29:55]} {[%emt 00:00:16]} d5 {[%clk 01:05:44]}
{[%emt 00:00:06]} 3. e5 {[%clk 01:29:55]} {[%emt 00:00:10]} c5 {[%clk
01:05:44]} {[%emt 00:00:08]} 4. Nf3 {[%clk 01:29:35]} {[%emt 00:00:29]} Bg4
{[%clk 01:05:29]} {[%emt 00:00:25]} 5. c3 {[%clk 01:28:56]} {[%emt 00:00:50]}
cxd4 {[%clk 01:03:53]} {[%emt 00:01:45]} 6. cxd4 {[%clk 01:28:56]} {[%emt
00:00:07]} Nc6 {[%clk 01:03:53]} {[%emt 00:00:06]} 7. Bb5 {[%clk 01:28:56]}
{[%emt 00:00:05]} Qb6 {[%clk 01:02:32]} {[%emt 00:01:31]} 8. Nc3 {[%clk
01:27:56]} {[%emt 00:01:11]} e6 {[%clk 01:02:06]} {[%emt 00:00:35]} 9. O-O
{[%clk 01:27:17]} {[%emt 00:00:49]} Bb4 {[%clk 01:01:24]} {[%emt 00:00:52]} 10.
Qd3 {[%clk 01:26:42]} {[%emt 00:00:45]} Bxf3 {[%clk 00:56:32]} {[%emt
00:05:02]} 11. Bxc6+ {[%clk 01:26:32]} {[%emt 00:00:21]} Qxc6 {[%clk 00:55:43]}
{[%emt 00:01:00]} 12. Qxf3 {[%clk 01:26:15]} {[%emt 00:00:26]} Ne7 {[%clk
00:55:32]} {[%emt 00:00:21]} 13. Bg5 {[%clk 01:25:50]} {[%emt 00:00:34]} Nf5
{[%clk 00:55:01]} {[%emt 00:00:42]} 14. Qd3 {[%clk 01:24:27]} {[%emt 00:01:32]}
O-O {[%clk 00:53:56]} {[%emt 00:01:16]} 15. Rac1 {[%clk 01:24:05]} {[%emt
00:00:32]} Qb6 {[%clk 00:53:32]} {[%emt 00:00:33]} 16. Be3 {[%clk 01:23:27]}
{[%emt 00:00:48]} Rac8 {[%clk 00:50:22]} {[%emt 00:03:21]} 17. a3 {[%clk
01:22:52]} {[%emt 00:00:46]} Bxc3 {[%clk 00:50:13]} {[%emt 00:00:17]} 18. bxc3
{[%clk 01:20:44]} {[%emt 00:02:18]} Nxe3 {[%clk 00:49:03]} {[%emt 00:01:21]} 19.
fxe3 {[%clk 01:20:42]} {[%emt 00:00:11]} Qb3 {[%clk 00:48:52]} {[%emt
00:00:22]} 20. Qd2 {[%clk 01:16:44]} {[%emt 00:04:06]} Qxa3 {[%clk 00:47:05]}
{[%emt 00:01:59]} 21. Rf2 {[%clk 01:15:52]} {[%emt 00:01:02]} a6 {[%clk
00:45:13]} {[%emt 00:02:02]} 22. Qa2 {[%clk 01:15:10]} {[%emt 00:00:52]} Qxc1+
{[%clk 00:43:37]} {[%emt 00:01:45]} 23. Rf1 {[%clk 01:15:07]} {[%emt 00:00:13]}
Qxe3+ {[%clk 00:43:37]} {[%emt 00:00:09]} 24. Kh1 {[%clk 01:15:06]} {[%emt
00:00:10]} Qxc3 {[%clk 00:43:37]} {[%emt 00:00:10]} 25. Qf2 {[%clk 01:14:11]}
{[%emt 00:01:05]} Qc2 {[%clk 00:43:27]} {[%emt 00:00:21]} 26. Qe3 {[%clk
01:13:58]} {[%emt 00:00:22]} Qe4 {[%clk 00:42:59]} {[%emt 00:00:39]} 27. Qf2
{[%clk 01:13:38]} {[%emt 00:00:29]} Rc4 {[%clk 00:42:55]} {[%emt 00:00:14]} 28.
Rd1 {[%clk 01:13:17]} {[%emt 00:00:31]} Qc2 {[%clk 00:42:43]} {[%emt 00:00:23]}
29. Qf1 {[%clk 01:12:55]} {[%emt 00:00:30]} Rfc8 {[%clk 00:42:40]} {[%emt
00:00:15]} 30. h3 {[%clk 01:12:42]} {[%emt 00:00:23]} Qxd1 {[%clk 00:42:37]}
{[%emt 00:00:12]} 31. Qxd1 {[%clk 01:12:37]} {[%emt 00:00:16]} Rc1 {[%clk
00:42:37]} {[%emt 00:00:05]} 32. Qxc1 {[%clk 01:12:26]} {[%emt 00:00:21]} Rxc1+
{[%clk 00:42:37]} {[%emt 00:00:06]} 33. Kh2 {[%clk 01:12:26]} {[%emt 00:00:01]}
b5 {[%clk 00:42:31]} {[%emt 00:00:16]} 34. Kg3 {[%clk 01:12:26]} {[%emt
00:00:07]} b4 {[%clk 00:42:26]} {[%emt 00:00:15]} 35. Kf2 {[%clk 01:12:26]}
{[%emt 00:00:07]} b3 {[%clk 00:42:26]} {[%emt 00:00:07]} 36. Ke2 {[%clk
01:12:26]} {[%emt 00:00:07]} b2 {[%clk 00:42:26]} {[%emt 00:00:09]} 37. Kd2
{[%clk 01:12:26]} {[%emt 00:00:04]} b1=Q {[%clk 00:42:03]} {[%emt 00:00:32]} 38.
Ke2 {[%clk 01:12:20]} {[%emt 00:00:16]} Qb2+ {[%clk 00:42:00]} {[%emt
00:00:14]} 39. Kf3 {[%clk 01:12:18]} {[%emt 00:00:12]} Qxd4 {[%clk 00:41:55]}
{[%emt 00:00:15]} 40. Kg3 {[%clk 01:12:13]} {[%emt 00:00:15]} Qxe5+ {[%clk
00:41:50]} {[%emt 00:00:15]} 41. Kf2 {[%clk 01:12:05]} {[%emt 00:00:18]} Rc2+
{[%clk 00:41:46]} {[%emt 00:00:14]} 42. Kg1 {[%clk 01:11:52]} {[%emt 00:00:21]}
Qd4+ {[%clk 00:41:30]} {[%emt 00:00:29]} 43. Kh2 {[%clk 01:11:50]} {[%emt
00:00:11]} Qf2 {[%clk 00:41:30]} {[%emt 00:00:07]} 44. Kh1 {[%clk 01:11:45]}
{[%emt 00:00:15]} Qxg2# {[%clk 00:41:30]} {[%emt 00:00:06]} 0-1

[Event "2024 National Elementary (K-6) Championship"]
[Site "Columbus, Ohio, United States"]
[Date "2024.04.27"]
[Round "3.18"]
[White "Gupta, Shalin Sarin"]
[Black "Xu, Serena"]
[Result "0-1"]
[TimeControl "G/90; d10"]
[WhiteElo "770"]
[BlackElo "894"]

1. d4 {[%clk 01:30:00]} d5 {[%clk 01:30:00]} {[%emt 00:00:10]} 2. Bf4 {[%clk
01:30:00]} {[%emt 00:00:08]} Nf6 {[%clk 01:29:28]} {[%emt 00:00:36]} 3. Nf3
{[%clk 01:29:59]} {[%emt 00:00:11]} Bg4 {[%clk 01:29:14]} {[%emt 00:00:25]} 4.
e3 {[%clk 01:29:56]} {[%emt 00:00:13]} Nc6 {[%clk 01:29:04]} {[%emt 00:00:21]}
5. c3 {[%clk 01:29:41]} {[%emt 00:00:24]} e6 {[%clk 01:28:38]} {[%emt
00:00:37]} 6. Bd3 {[%clk 01:29:19]} {[%emt 00:00:32]} Bd6 {[%clk 01:28:06]}
{[%emt 00:00:42]} 7. Qc2 {[%clk 01:28:15]} {[%emt 00:01:02]} O-O {[%clk
01:24:37]} {[%emt 00:03:52]} 8. Nbd2 {[%clk 01:28:09]} {[%emt 00:00:12]} Re8
{[%clk 01:23:14]} {[%emt 00:01:36]} 9. O-O {[%clk 01:27:38]} {[%emt 00:00:40]}
e5 {[%clk 01:21:42]} {[%emt 00:01:44]} 10. dxe5 {[%clk 01:26:25]} {[%emt
00:01:22]} Nxe5 {[%clk 01:21:20]} {[%emt 00:00:33]} 11. Nxe5 {[%clk 01:26:21]}
{[%emt 00:00:14]} Bxe5 {[%clk 01:21:01]} {[%emt 00:00:29]} 12. Bxe5 {[%clk
01:26:21]} {[%emt 00:00:03]} Rxe5 {[%clk 01:20:38]} {[%emt 00:00:34]} 13. h3
{[%clk 01:26:21]} {[%emt 00:00:08]} Bh5 {[%clk 01:19:08]} {[%emt 00:01:40]} 14.
Rfe1 {[%clk 01:25:40]} {[%emt 00:00:50]} c6 {[%clk 01:17:26]} {[%emt 00:01:53]}
15. Nf3 {[%clk 01:23:05]} {[%emt 00:02:45]} Bxf3 {[%clk 01:15:09]} {[%emt
00:02:28]} 16. gxf3 {[%clk 01:19:00]} {[%emt 00:04:14]} Qd7 {[%clk 01:14:29]}
{[%emt 00:00:51]} 17. Kh2 {[%clk 01:18:01]} {[%emt 00:01:02]} Rh5 {[%clk
01:14:22]} {[%emt 00:00:24]} 18. Kh1 {[%clk 01:15:44]} {[%emt 00:02:26]} Qxh3+
{[%clk 01:14:10]} {[%emt 00:00:22]} 19. Kg1 {[%clk 01:15:36]} {[%emt 00:00:17]}
Qh1# {[%emt 00:00:24]} 0-1

[Event "2024 National Elementary (K-6) Championship"]
[Site "Columbus, Ohio, United States"]
[Date "2024.04.27"]
[Round "3.19"]
[White "Sha, Yi"]
[Black "Zhu, Magnolia"]
[Result "1/2-1/2"]
[TimeControl "G/90; d10"]
[WhiteFideId "39915050"]
[WhiteElo "1924"]
[BlackElo "1482"]

1. d4 {[%clk 01:30:00]} {[%emt 00:00:07]} Nf6 {[%clk 01:29:48]} {[%emt
00:00:27]} 2. c4 {[%clk 01:30:00]} {[%emt 00:00:06]} g6 {[%clk 01:29:46]}
{[%emt 00:00:08]} 3. Nc3 {[%clk 01:29:49]} {[%emt 00:00:21]} Bg7 {[%clk
01:29:46]} {[%emt 00:00:08]} 4. e4 {[%clk 01:29:18]} {[%emt 00:00:41]} d6
{[%clk 01:29:42]} {[%emt 00:00:15]} 5. Nf3 {[%clk 01:28:46]} {[%emt 00:00:41]}
O-O {[%clk 01:29:35]} {[%emt 00:00:18]} 6. Be2 {[%clk 01:28:16]} {[%emt
00:00:39]} e5 {[%clk 01:29:23]} {[%emt 00:00:23]} 7. d5 {[%clk 01:27:31]}
{[%emt 00:00:55]} a5 {[%clk 01:29:07]} {[%emt 00:00:26]} 8. O-O {[%clk
01:26:37]} {[%emt 00:01:04]} Na6 {[%clk 01:28:50]} {[%emt 00:00:26]} 9. Ne1
{[%clk 01:25:34]} {[%emt 00:01:13]} Nc5 {[%clk 01:28:16]} {[%emt 00:00:44]} 10.
f3 {[%clk 01:24:50]} {[%emt 00:00:54]} Ne8 {[%clk 01:27:13]} {[%emt 00:01:12]}
11. Nd3 {[%clk 01:23:24]} {[%emt 00:01:37]} Nxd3 {[%clk 01:25:55]} {[%emt
00:01:28]} 12. Bxd3 {[%clk 01:21:40]} {[%emt 00:01:55]} f5 {[%clk 01:25:00]}
{[%emt 00:01:05]} 13. Be3 {[%clk 01:21:06]} {[%emt 00:00:43]} f4 {[%clk
01:24:30]} {[%emt 00:00:40]} 14. Bf2 {[%clk 01:20:42]} {[%emt 00:00:33]} b6
{[%clk 01:24:08]} {[%emt 00:00:33]} 15. a3 {[%clk 01:17:57]} {[%emt 00:02:56]}
g5 {[%clk 01:22:42]} {[%emt 00:01:35]} 16. Rb1 {[%clk 01:15:28]} {[%emt
00:02:40]} h5 {[%clk 01:22:04]} {[%emt 00:00:48]} 17. Be2 {[%clk 01:14:14]}
{[%emt 00:01:24]} Nf6 {[%clk 01:21:29]} {[%emt 00:00:44]} 18. b4 {[%clk
01:11:22]} {[%emt 00:03:43]} axb4 {[%clk 01:21:02]} {[%emt 00:00:37]} 19. axb4
{[%clk 01:10:58]} {[%emt 00:00:34]} g4 {[%clk 01:20:33]} {[%emt 00:00:38]} 20.
Bh4 {[%clk 01:07:45]} {[%emt 00:03:23]} Qd7 {[%clk 01:19:10]} {[%emt 00:01:34]}
21. Nb5 {[%clk 01:00:43]} {[%emt 00:07:12]} gxf3 {[%clk 01:16:15]} {[%emt
00:03:04]} 22. gxf3 {[%clk 00:56:17]} {[%emt 00:04:37]} Rf7 {[%clk 01:13:24]}
{[%emt 00:03:00]} 23. Kh1 {[%clk 00:53:57]} {[%emt 00:02:30]} Kh7 {[%clk
01:10:16]} {[%emt 00:03:18]} 24. Rc1 {[%clk 00:50:18]} {[%emt 00:03:50]} Ba6
{[%clk 01:09:07]} {[%emt 00:01:18]} 25. Nc3 {[%clk 00:47:42]} {[%emt 00:02:45]}
Qh3 {[%clk 01:07:58]} {[%emt 00:01:20]} 26. Bxf6 {[%clk 00:46:20]} {[%emt
00:01:32]} Bxf6 {[%clk 01:07:15]} {[%emt 00:00:53]} 27. Rf2 {[%clk 00:41:12]}
{[%emt 00:05:19]} Rg8 {[%clk 01:05:48]} {[%emt 00:01:36]} 28. Bf1 {[%clk
00:38:59]} {[%emt 00:02:23]} Qh4 {[%clk 01:05:18]} {[%emt 00:00:40]} 29. Rcc2
{[%clk 00:37:01]} {[%emt 00:02:08]} Rfg7 {[%clk 01:04:33]} {[%emt 00:00:55]} 30.
Rg2 {[%clk 00:35:58]} {[%emt 00:01:11]} Rg3 {[%clk 01:01:57]} {[%emt 00:02:49]}
31. Rxg3 {[%clk 00:29:26]} {[%emt 00:06:42]} fxg3 {[%clk 01:01:13]} {[%emt
00:00:54]} 32. Rg2 {[%clk 00:28:04]} {[%emt 00:01:30]} Qf4 {[%clk 00:49:40]}
{[%emt 00:11:45]} 33. hxg3 {[%clk 00:20:37]} {[%emt 00:07:37]} Rxg3 {[%clk
00:49:34]} {[%emt 00:00:15]} 34. Rxg3 {[%clk 00:17:04]} {[%emt 00:03:43]} Qxg3
{[%clk 00:49:34]} {[%emt 00:00:07]} 35. b5 {[%clk 00:14:50]} {[%emt 00:02:25]}
Bc8 {[%clk 00:48:56]} {[%emt 00:00:48]} 36. Bg2 {[%clk 00:12:57]} {[%emt
00:02:04]} h4 {[%clk 00:48:04]} {[%emt 00:01:01]} 37. Ne2 {[%clk 00:11:43]}
{[%emt 00:01:24]} Qf2 {[%clk 00:47:21]} {[%emt 00:00:52]} 38. Qf1 {[%clk
00:09:57]} {[%emt 00:01:55]} Qxf1+ {[%clk 00:45:21]} {[%emt 00:02:12]} 39. Bxf1
{[%clk 00:09:57]} {[%emt 00:00:09]} Kg6 {[%clk 00:45:18]} {[%emt 00:00:13]} 40.
Ng1 {[%clk 00:08:59]} {[%emt 00:01:07]} Bg5 {[%clk 00:44:22]} {[%emt 00:01:06]}
41. Bh3 {[%clk 00:08:06]} {[%emt 00:01:04]} Bxh3 {[%clk 00:44:22]} {[%emt
00:00:09]} 42. Nxh3 {[%clk 00:08:04]} {[%emt 00:00:11]} 1/2-1/2

[Event "2024 National Elementary (K-6) Championship"]
[Site "Columbus, Ohio, United States"]
[Date "2024.04.27"]
[Round "3.20"]
[White "Baksi, Antariksh"]
[Black "Jani, Aakash"]
[Result "0-1"]
[TimeControl "G/90; d10"]
[WhiteFideId "30988748"]
[BlackFideId "30996163"]
[WhiteElo "1479"]
[BlackElo "1920"]

1. e4 {[%clk 01:30:00]} {[%emt 00:00:05]} e5 {[%clk 01:30:00]} {[%emt
00:00:06]} 2. Nf3 {[%clk 01:30:00]} {[%emt 00:00:05]} Nc6 {[%clk 01:30:00]}
{[%emt 00:00:06]} 3. Bc4 {[%clk 01:30:00]} {[%emt 00:00:09]} Nf6 {[%clk
01:30:00]} {[%emt 00:00:11]} 4. d3 {[%clk 01:30:00]} {[%emt 00:00:11]} Bc5
{[%clk 01:29:56]} {[%emt 00:00:13]} 5. c3 {[%clk 01:29:53]} {[%emt 00:00:17]}
d6 {[%clk 01:29:20]} {[%emt 00:00:46]} 6. b4 {[%emt 00:01:12]} Bb6 {[%emt
00:00:12]} 7. a4 {[%clk 01:29:40]} {[%emt 00:00:17]} a5 {[%clk 01:28:07]}
{[%emt 00:00:25]} 8. b5 {[%clk 01:29:34]} {[%emt 00:00:15]} Ne7 {[%clk
01:27:46]} {[%emt 00:00:29]} 9. O-O {[%clk 01:29:18]} {[%emt 00:00:27]} O-O
{[%clk 01:27:04]} {[%emt 00:00:54]} 10. h3 {[%clk 01:29:12]} {[%emt 00:00:16]}
c6 {[%clk 01:26:19]} {[%emt 00:00:55]} 11. Nbd2 {[%clk 01:28:31]} {[%emt
00:00:49]} Ng6 {[%clk 01:24:53]} {[%emt 00:01:36]} 12. Re1 {[%clk 01:27:43]}
{[%emt 00:00:58]} d5 {[%clk 01:22:59]} {[%emt 00:02:05]} 13. exd5 {[%clk
01:27:01]} {[%emt 00:00:52]} cxd5 {[%emt 00:00:47]} 14. Bb3 {[%clk 01:26:38]}
{[%emt 00:00:27]} Re8 {[%clk 01:19:44]} {[%emt 00:02:55]} 15. Nf1 {[%clk
01:23:21]} {[%emt 00:03:26]} Qc7 {[%clk 01:14:52]} {[%emt 00:05:02]} 16. Bd2
{[%clk 01:17:59]} {[%emt 00:06:09]} Bf5 {[%emt 00:01:31]} 17. Bc2 {[%emt
00:02:11]} e4 {[%emt 00:04:15]} 18. dxe4 {[%emt 00:01:19]} dxe4 {[%emt
00:03:20]} 19. Nd4 {[%clk 01:10:19]} {[%emt 00:02:52]} Bxd4 {[%clk 01:02:46]}
{[%emt 00:05:28]} 20. cxd4 {[%clk 01:09:47]} {[%emt 00:00:43]} Rac8 {[%clk
00:59:03]} {[%emt 00:03:52]} 21. Rc1 {[%emt 00:02:25]} Qd7 {[%emt 00:11:35]} 22.
Kh2 {[%clk 00:57:49]} {[%emt 00:00:25]} Qxd4 {[%clk 00:56:18]} {[%emt
00:00:58]} 23. Be3 {[%clk 00:57:05]} {[%emt 00:00:54]} Qe5+ {[%emt 00:02:30]}
24. Ng3 {[%clk 00:53:34]} {[%emt 00:01:31]} Rcd8 {[%clk 00:54:24]} {[%emt
00:01:54]} 25. Qe2 {[%emt 00:03:33]} Nf4 {[%clk 00:53:54]} {[%emt 00:00:29]} 26.
Bxf4 {[%clk 00:50:03]} {[%emt 00:00:28]} Qxf4 {[%clk 00:53:44]} {[%emt
00:00:21]} 27. Qe3 {[%emt 00:04:23]} Qxe3 {[%clk 00:50:18]} {[%emt 00:00:18]}
28. Rxe3 {[%clk 00:48:49]} {[%emt 00:00:30]} Bg6 {[%clk 00:50:14]} {[%emt
00:00:14]} 29. Rce1 {[%clk 00:45:55]} {[%emt 00:03:03]} Nd5 {[%clk 00:49:43]}
{[%emt 00:00:41]} 30. R3e2 {[%clk 00:42:34]} {[%emt 00:03:30]} f5 {[%clk
00:49:23]} {[%emt 00:00:31]} 31. Bb3 {[%clk 00:41:28]} {[%emt 00:01:16]} Kf8
{[%emt 00:01:14]} 32. f3 {[%clk 00:35:06]} {[%emt 00:05:41]} Nf4 {[%emt
00:02:15]} 33. Rc2 {[%clk 00:28:56]} {[%emt 00:04:25]} Nd3 {[%emt 00:05:01]} 34.
Ree2 {[%clk 00:26:25]} {[%emt 00:02:26]} e3 {[%clk 00:43:53]} {[%emt 00:00:42]}
35. Rc3 {[%emt 00:05:31]} f4 {[%clk 00:43:08]} {[%emt 00:00:43]} 36. Nf1 {[%clk
00:20:39]} {[%emt 00:00:47]} Ne5 {[%clk 00:39:50]} {[%emt 00:03:29]} 37. Bc2
{[%emt 00:04:18]} Rc8 {[%clk 00:37:38]} {[%emt 00:01:19]} 38. Rxc8 {[%clk
00:14:59]} {[%emt 00:02:43]} Rxc8 {[%emt 00:00:10]} 39. Bxg6 {[%clk 00:14:41]}
{[%emt 00:00:25]} hxg6 {[%clk 00:37:34]} {[%emt 00:00:14]} 40. h4 {[%clk
00:12:11]} {[%emt 00:02:40]} Rc3 {[%clk 00:36:52]} {[%emt 00:00:52]} 41. g3
{[%clk 00:11:05]} {[%emt 00:01:16]} Nxf3+ {[%clk 00:36:52]} {[%emt 00:00:06]}
42. Kg2 {[%clk 00:10:55]} {[%emt 00:00:20]} Nd4 {[%clk 00:36:52]} {[%emt
00:00:09]} 43. Re1 {[%clk 00:10:12]} {[%emt 00:00:53]} f3+ {[%clk 00:36:44]}
{[%emt 00:00:19]} 44. Kh3 {[%clk 00:10:04]} {[%emt 00:00:18]} e2 {[%clk
00:36:20]} {[%emt 00:00:33]} 45. Nd2 {[%clk 00:09:55]} {[%emt 00:00:20]} f2
{[%clk 00:36:20]} {[%emt 00:00:09]} 46. Ne4 {[%clk 00:09:55]} {[%emt 00:00:10]}
fxe1=Q {[%clk 00:36:18]} {[%emt 00:00:12]} 47. Nxc3 {[%clk 00:09:55]} {[%emt
00:00:10]} Qf1+ {[%clk 00:36:01]} {[%emt 00:00:26]} 48. Kg4 {[%clk 00:09:55]}
{[%emt 00:00:04]} Qf5# {[%clk 00:36:01]} {[%emt 00:00:06]} 0-1

[Event "2024 National Elementary (K-6) Championship"]
[Site "Columbus, Ohio, United States"]
[Date "2024.04.27"]
[Round "3.21"]
[White "Gu, Hardy"]
[Black "Kong, Scarlett"]
[Result "1-0"]
[TimeControl "G/90; d10"]
[WhiteFideId "39941876"]
[WhiteElo "1892"]
[BlackElo "1475"]

1. d4 {[%clk 01:30:00]} {[%emt 00:08:43]} d5 {[%clk 01:30:00]} {[%emt
00:00:10]} 2. Bf4 {[%clk 01:30:00]} {[%emt 00:00:04]} Nf6 {[%clk 01:30:00]}
{[%emt 00:00:11]} 3. Nf3 {[%clk 01:30:00]} {[%emt 00:00:04]} Bf5 {[%clk
01:30:00]} {[%emt 00:00:06]} 4. e3 {[%clk 01:30:00]} {[%emt 00:00:02]} e6
{[%clk 01:29:34]} {[%emt 00:00:30]} 5. Be2 {[%clk 01:30:00]} {[%emt 00:00:03]}
Be7 {[%clk 01:29:22]} {[%emt 00:00:22]} 6. O-O {[%clk 01:30:00]} {[%emt
00:00:05]} O-O {[%clk 01:29:19]} {[%emt 00:00:13]} 7. c4 {[%clk 01:29:55]}
{[%emt 00:00:16]} c6 {[%clk 01:28:38]} {[%emt 00:00:51]} 8. Nc3 {[%clk
01:29:55]} {[%emt 00:00:06]} Nbd7 {[%clk 01:28:30]} {[%emt 00:00:18]} 9. Qb3
{[%clk 01:29:55]} {[%emt 00:00:07]} b6 {[%clk 01:24:33]} {[%emt 00:04:06]} 10.
h3 {[%clk 01:29:26]} {[%emt 00:00:38]} Rc8 {[%clk 01:21:03]} {[%emt 00:03:41]}
11. Rac1 {[%clk 01:28:57]} {[%emt 00:00:40]} Ne4 {[%clk 01:14:11]} {[%emt
00:07:01]} 12. cxd5 {[%emt 00:09:31]} Nxc3 {[%clk 01:06:13]} {[%emt 00:00:15]}
13. bxc3 {[%clk 01:27:23]} {[%emt 00:00:16]} Nb8 {[%clk 01:05:51]} {[%emt
00:00:32]} 14. Bxb8 {[%clk 01:26:05]} {[%emt 00:01:28]} Rxb8 {[%clk 01:05:48]}
{[%emt 00:00:13]} 15. dxc6 {[%clk 01:26:05]} {[%emt 00:00:09]} Qc7 {[%clk
01:05:39]} {[%emt 00:00:19]} 16. Ne5 {[%clk 01:25:45]} {[%emt 00:00:30]} Rbd8
{[%clk 01:04:59]} {[%emt 00:00:49]} 17. Bf3 {[%clk 01:25:19]} {[%emt 00:00:36]}
Bd6 {[%clk 01:02:10]} {[%emt 00:02:59]} 18. e4 {[%clk 01:24:13]} {[%emt
00:01:16]} Bxe5 {[%clk 00:59:37]} {[%emt 00:02:43]} 19. exf5 {[%clk 01:24:01]}
{[%emt 00:00:23]} Bf4 {[%clk 00:59:29]} {[%emt 00:00:17]} 20. fxe6 {[%clk
01:22:25]} {[%emt 00:01:47]} Bxc1 {[%clk 00:58:06]} {[%emt 00:01:32]} 21. exf7+
{[%emt 00:00:21]} Kh8 {[%clk 00:54:03]} {[%emt 00:04:10]} 22. Rxc1 {[%clk
01:22:12]} {[%emt 00:00:16]} Rxf7 {[%clk 00:53:48]} {[%emt 00:00:24]} 23. Re1
{[%clk 01:21:55]} {[%emt 00:00:27]} h6 {[%clk 00:50:14]} {[%emt 00:03:45]} 24.
Qe6 {[%clk 01:21:08]} {[%emt 00:00:56]} Rdf8 {[%clk 00:37:29]} {[%emt
00:12:55]} 25. d5 {[%clk 01:20:46]} {[%emt 00:00:32]} Rf6 {[%clk 00:35:10]}
{[%emt 00:02:29]} 26. Qe7 {[%clk 01:20:18]} {[%emt 00:00:38]} Qd6 {[%clk
00:32:00]} {[%emt 00:03:20]} 27. Qxd6 {[%clk 01:18:11]} {[%emt 00:02:17]} Rxd6
{[%clk 00:32:00]} {[%emt 00:00:10]} 28. Re7 {[%clk 01:18:11]} {[%emt 00:00:04]}
Rc8 {[%clk 00:30:45]} {[%emt 00:01:25]} 29. Be4 {[%clk 01:17:17]} {[%emt
00:01:04]} Kg8 {[%clk 00:29:45]} {[%emt 00:01:10]} 30. Bf5 {[%clk 01:16:36]}
{[%emt 00:00:51]} Kf8 {[%clk 00:28:36]} {[%emt 00:01:19]} 31. Rxa7 {[%clk
01:16:16]} {[%emt 00:00:31]} Re8 {[%clk 00:28:29]} {[%emt 00:00:16]} 32. Be6
{[%clk 01:15:31]} {[%emt 00:00:56]} Rdxe6 {[%clk 00:27:14]} {[%emt 00:01:24]}
33. dxe6 {[%clk 01:15:20]} {[%emt 00:00:22]} Rxe6 {[%clk 00:27:14]} {[%emt
00:00:08]} 34. c7 {[%clk 01:15:20]} {[%emt 00:00:04]} Re8 {[%clk 00:27:05]}
{[%emt 00:00:19]} 35. Rb7 {[%clk 01:15:20]} {[%emt 00:00:06]} Rc8 {[%clk
00:26:31]} {[%emt 00:00:43]} 36. Rb8 {[%clk 01:15:20]} {[%emt 00:00:07]} Ke7
{[%clk 00:26:31]} {[%emt 00:00:07]} 37. Rxc8 {[%clk 01:15:20]} {[%emt
00:00:06]} Kd7 {[%clk 00:26:31]} {[%emt 00:00:07]} 38. Rg8 {[%clk 01:15:20]}
{[%emt 00:00:05]} Kxc7 {[%clk 00:26:24]} {[%emt 00:00:17]} 39. Rxg7+ {[%clk
01:15:20]} {[%emt 00:00:01]} Kc6 {[%clk 00:26:10]} {[%emt 00:00:23]} 40. Rg6+
{[%clk 01:15:20]} {[%emt 00:00:04]} Kb5 {[%clk 00:26:10]} {[%emt 00:00:09]} 41.
Rxh6 {[%clk 01:15:20]} {[%emt 00:00:08]} Kc4 {[%clk 00:26:10]} {[%emt
00:00:07]} 42. g4 {[%clk 01:15:20]} {[%emt 00:00:05]} b5 {[%clk 00:26:10]}
{[%emt 00:00:03]} 43. g5 {[%clk 01:15:20]} {[%emt 00:00:03]} Kxc3 {[%clk
00:26:10]} {[%emt 00:00:05]} 44. g6 {[%clk 01:15:20]} {[%emt 00:00:03]} b4
{[%clk 00:26:10]} {[%emt 00:00:07]} 45. g7 {[%clk 01:15:20]} {[%emt 00:00:02]}
Kb2 {[%clk 00:26:10]} {[%emt 00:00:04]} 46. g8=Q {[%clk 01:15:20]} {[%emt
00:00:06]} b3 {[%clk 00:26:10]} {[%emt 00:00:06]} 47. Qxb3+ {[%clk 01:15:20]}
{[%emt 00:00:06]} Kc1 {[%clk 00:26:10]} {[%emt 00:00:09]} 48. Rc6+ {[%clk
01:15:20]} {[%emt 00:00:05]} Kd2 {[%clk 00:26:10]} {[%emt 00:00:05]} 49. Qc2+
{[%clk 01:15:20]} {[%emt 00:00:07]} Ke1 {[%clk 00:26:10]} {[%emt 00:00:10]} 50.
Re6# {[%emt 00:00:07]} 1-0